00504pam a2200145 a 4500020001500000020002100015040000800036082002600044245009200070260004800162300003500210650002400245700002300269856006600292 a0198287003 a0198288107 (Pbk) cDLC00a330 OXF 1993 A074 Or.00aCo-integration, error correction, and the econometric analysis of non-stationary data / aNew York :bOxford University Press,c1993. axiii, 329 p. :bill. ;c24 cm. 0aEconometric models.1 aBanerjee, Anindya.42uhttp://www.loc.gov/catdir/enhancements/fy0605/92027344-d.html